The language of doors : (Record no. 179274)
[ view plain ]
| 000 -LEADER | |
|---|---|
| fixed length control field | 00886cam a22002534a 4500 |
| 001 - CONTROL NUMBER | |
| control field | vtls003054600 |
| 003 - CONTROL NUMBER IDENTIFIER | |
| control field | MY-SjTCS |
| 005 - DATE AND TIME OF LATEST TRANSACTION | |
| control field | 20200226121235.0 |
| 008 - FIXED-LENGTH DATA ELEMENTS--GENERAL INFORMATION | |
| fixed length control field | 070725s2005 nyua b 000 0 eng |
| 020 ## - INTERNATIONAL STANDARD BOOK NUMBER | |
| International Standard Book Number | 9781579652722 (hbk.) |
| 020 ## - INTERNATIONAL STANDARD BOOK NUMBER | |
| International Standard Book Number | 1579652722 (hbk.) |
| 035 ## - SYSTEM CONTROL NUMBER | |
| System control number | 13781407 |
| 039 #9 - LEVEL OF BIBLIOGRAPHIC CONTROL AND CODING DETAIL [OBSOLETE] | |
| Level of rules in bibliographic description | 200708010905 |
| Level of effort used to assign nonsubject heading access points | pushpa |
| -- | 200707251048 |
| -- | rafi |
| 082 04 - DEWEY DECIMAL CLASSIFICATION NUMBER | |
| Classification number | 721.822 |
| Item number | VIC |
| 100 1# - MAIN ENTRY--PERSONAL NAME | |
| Personal name | Vicente, Paulo. |
| 9 (RLIN) | 99960 |
| 245 14 - TITLE STATEMENT | |
| Title | The language of doors : |
| Remainder of title | entranceways from colonial to art deco : how to identify and adapt them to your home / |
| Statement of responsibility, etc. | Paulo Vicente and Tom Connor. |
| 260 ## - PUBLICATION, DISTRIBUTION, ETC. | |
| Place of publication, distribution, etc. | New York : |
| Name of publisher, distributor, etc. | Artisan, |
| Date of publication, distribution, etc. | c2005. |
| 300 ## - PHYSICAL DESCRIPTION | |
| Extent | 184 p. : |
| Other physical details | col. ill. ; |
| Dimensions | 20 x 20 cm. |
| 504 ## - BIBLIOGRAPHY, ETC. NOTE | |
| Bibliography, etc. note | Includes bibliographical references (p.183) |
| 650 #0 - SUBJECT ADDED ENTRY--TOPICAL TERM | |
| Topical term or geographic name entry element | Doorways. |
| 9 (RLIN) | 25559 |
| 650 #0 - SUBJECT ADDED ENTRY--TOPICAL TERM | |
| Topical term or geographic name entry element | Architecture, Domestic |
| Geographic subdivision | United States. |
| 9 (RLIN) | 11784 |
| 700 1# - ADDED ENTRY--PERSONAL NAME | |
| Personal name | Connor, Tom. |
| 9 (RLIN) | 25560 |
| 920 ## - Programme | |
| Programme | BLT(DIP): 526251 |
| Withdrawn status | Lost status | Source of classification or shelving scheme | Damaged status | Not for loan | Home library | Current library | Date acquired | Total Checkouts | Barcode | Date last seen | Date last checked out | Copy number | Uniform Resource Identifier | Koha item type | Public note |
|---|---|---|---|---|---|---|---|---|---|---|---|---|---|---|---|
| Dewey Decimal Classification | Taylor's Library-TU | Taylor's Library-TU | 25/07/2007 | 14 | 5000036334 | 12/12/2019 | 20/02/2017 | 1 | Floor 4, Shelf 31 , Side 1, TierNo 1, BayNo 1 | Main Collection | SABDx,23003,02,GR |